THE BEGINNER'S GUIDE TO COOPERATIVE LEARNING (Record no. 216481)
[ view plain ]
| 000 -LEADER | |
|---|---|
| fixed length control field | 00488nam a22001577a 4500 |
| 008 - FIXED-LENGTH DATA ELEMENTS--GENERAL INFORMATION | |
| fixed length control field | 260119b |||||||| |||| 00| 0 eng d |
| 020 ## - INTERNATIONAL STANDARD BOOK NUMBER | |
| International Standard Book Number | 978-1785888883585-8 |
| 100 ## - MAIN ENTRY--PERSONAL NAME | |
| Personal name | WERDELIN, JAKOB |
| 245 ## - TITLE STATEMENT | |
| Title | THE BEGINNER'S GUIDE TO COOPERATIVE LEARNING |
| Remainder of title | MAKE YOUR LEARNERS YOUR MAIN TEACHING RESOURCE |
| 260 ## - PUBLICATION, DISTRIBUTION, ETC. | |
| Place of publication, distribution, etc. | WEST YORKISHIRE |
| Name of publisher, distributor, etc. | CROWN HOUSE PUBLISHING |
| 300 ## - PHYSICAL DESCRIPTION | |
| Extent | III, 198P. |
| 500 ## - GENERAL NOTE | |
| General note | INCLUDES INDEX |
| 650 ## - SUBJECT ADDED ENTRY | |
| Topical term or geographic name entry element | WORK IN EDUCATION |
| 942 ## - ADDED ENTRY ELEMENTS (KOHA) | |
| Source of classification or shelving scheme | Library of Congress Classification |
| Koha item type | Long Loan Book |
| Withdrawn status | Lost status | Source of classification or shelving scheme | Damaged status | Not for loan | Collection | Home library | Current library | Shelving location | Date acquired | Inventory number | Total checkouts | Full call number | Barcode | Date last seen | Copy number | Price effective from | Koha item type |
|---|---|---|---|---|---|---|---|---|---|---|---|---|---|---|---|---|---|
| Library of Congress Classification | Arts & Social Sciences | Kisii University Library | Kisii University Library | On Display | 01/19/2026 | 110950 | LB 1032 .W47 2021 | 000000023779 | 01/19/2026 | C.1 | 01/19/2026 | Long Loan Book | |||||
| Library of Congress Classification | Arts & Social Sciences | Kisii University Library | Kisii University Library | On Display | 01/19/2026 | 110951 | LB 1032 .W47 2021 | 000000023780 | 01/19/2026 | C.2 | 01/19/2026 | Long Loan Book | |||||
| Library of Congress Classification | Arts & Social Sciences | Kisii University Library | Kisii University Library | On Display | 01/19/2026 | 110952 | LB 1032 .W47 2021 | 000000023781 | 01/19/2026 | C.3 | 01/19/2026 | Long Loan Book | |||||
| Library of Congress Classification | Arts & Social Sciences | Kisii University Library | Kisii University Library | On Display | 01/19/2026 | 110953 | LB 1032 .W47 2021 | 000000023782 | 01/19/2026 | C.4 | 01/19/2026 | Long Loan Book | |||||
| Library of Congress Classification | Arts & Social Sciences | Kisii University Library | Kisii University Library | On Display | 01/19/2026 | 110954 | LB 1032 .W47 2021 | 000000023783 | 01/19/2026 | C.5 | 01/19/2026 | Long Loan Book |